[Event "IECC M email"]
[Site "IECC email"]
[Date "2002.09.25"]
[Round "?"]
[White "Yepes, Miguel"]
[Black "Hoefer, Hans Peter"]
[Result "0-1"]
[WhiteElo "1984"]
[BlackElo "1989"]
[PlyCount "38"]
[EventDate "2002.??.??"]
[EventType "tourn (corr)"]
[EventRounds "6"]
[SourceTitle "Corr 2008"]
[Source "ChessBase"]
[SourceDate "2008.06.24"]
[SourceVersion "1"]
[SourceVersionDate "2008.06.24"]
[SourceQuality "1"]

1. e4 e6 2. d4 d5 3. Nd2 Nf6 4. e5 Nfd7 5. Bd3 c5 6. c3 Nc6 7. Ne2 Qb6 8. Nf3 cxd4 9. cxd4 f6 10. exf6 Nxf6 11. 0-0 Bd6 12. b3 0-0 13. Bb2 Nb4 14. Nc3 Nxd3 15. Qxd3 Bd7 16. Rfc1 Nh5 17. Nd1 Bb5 18. Qd2 Rxf3 19. gxf3 Qd8 0-1

[Event "IECC M email"]
[Site "IECC email"]
[Date "2002.09.22"]
[Round "?"]
[White "Monteiro da Silva, Jorge Alexandrino"]
[Black "Yepes, Miguel"]
[Result "1-0"]
[WhiteElo "2000"]
[BlackElo "2000"]
[PlyCount "55"]
[EventDate "2002.??.??"]
[EventType "tourn (corr)"]
[EventRounds "6"]
[SourceTitle "Corr 2008"]
[Source "ChessBase"]
[SourceDate "2008.06.24"]
[SourceVersion "1"]
[SourceVersionDate "2008.06.24"]
[SourceQuality "1"]

1. e4 c5 2. Nf3 e6 3. Nc3 a6 4. d4 cxd4 5. Nxd4 Qc7 6. Bd3 Nc6 7. Nf3 b5 8. Be3 Bb7 9. a3 Nf6 10. Qd2 Be7 11. Bf4 d6 12. 0-0 0-0 13. Rfd1 Rfd8 14. h3 Rac8 15. Qe3 Ne5 16. Rd2 Nfd7 17. Rad1 Nxf3+ 18. Qxf3 e5 19. Be3 Qa5 20. Nd5 Bxd5 21. exd5 Qa4 22. Re1 Qh4 23. g3 Qf6 24. Qe4 g6 25. c4 bxc4 26. Bxc4 Nc5 27. Bxc5 dxc5 28. f4 1-0